Напряжение и деформированное состояние при резании металлов; Известия вузов. Физика; № 6

Bibliografiske detaljer
Parent link:Известия вузов. Физика.— , 1958-
№ 6.— 1960.— С. 78-88
Hovedforfatter: Садчиков В. И.
Sprog:russisk
Udgivet: 1960
Fag:
Format: MixedMaterials Book Chapter
KOHA link:https://koha.lib.tpu.ru/cgi-bin/koha/opac-detail.pl?biblionumber=577062

MARC

LEADER 00000naa2a2200000 4500
001 577062
005 20231101130400.0
035 |a (RuTPU)RU\TPU\prd\276274 
035 |a RU\TPU\tpu\6957 
090 |a 577062 
100 |a 20180322a1960 k y0rusy50 ca 
101 0 |a rus 
102 |a RU 
200 1 |a Напряжение и деформированное состояние при резании металлов  |f В. И. Садчиков 
461 |0 (RuTPU)RU\TPU\prd\191  |t Известия вузов. Физика  |d 1958- 
463 |0 (RuTPU)RU\TPU\prd\47949  |t № 6  |v С. 78-88  |d 1960 
610 1 |a труды учёных ТПУ 
700 1 |a Садчиков  |b В. И. 
801 0 |a RU  |b 63413507  |c 20011210  |g PSBO 
801 2 |a RU  |b 63413507  |c 20180322  |g PSBO 
942 |c BK